000 00372nam a2200157Ia 4500
008 230524s9999 xx 000 0 und d
082 _a658.1
_bAGA
100 _aR.D.Agarwall
245 0 _aOrganisation and Management
250 _a1ST
260 _aNEW DELHI
_bTMH
_c1999
300 _aXIV;708
500 _aQuantity Number: 15
650 _aManagement
942 _cBK
999 _c19633
_d19633